Missing Word: Common Bond Songs V Quiz Stats

 Plays Quiz Updated Apr 21, 2021

Support Sporcle.
Go Orange.
Score 0/14 Timer 02:00
6 Plays Today
Song Title Missing Word % Correct
Mona _____Lisa
95.2%
Sweet _____Caroline
94.6%
_____ RigbyEleanor
91%
Come on _____Eileen
85.1%
COMMON BOND:Girls' Names
84.3%
Help Me, _____Rhonda
78.8%
My _______Sharona
78.4%
Song Title Missing Word % Correct
Runaround _____Sue
75.5%
Für _____Elise
67.8%
Hey There _____Delilah
61.4%
_____'s MomStacy
58.7%
_____ (867-5309)Jenny
58.3%
_____, Did You Know?Mary
41.2%
If U Seek _____Amy
29.1%

Today's Daily Dose

You're not logged in!

Compare scores with friends on all Sporcle quizzes.
OR
Log In

From the Vault

Black People Who Changed the US

by DesertSpartan

This is definitely up there with history Americans should just kind of know.
Remove Ads.
Support Sporcle.
Get the best of Sporcle when you Go Orange. This ad-free experience offers more features, more stats, and more fun while also helping to support Sporcle. Thank you for becoming a member.

Show Comments

Extras

Top Quizzes Today


Score Distribution

Your Account Isn't Verified!

In order to create a playlist on Sporcle, you need to verify the email address you used during registration. Go to your Sporcle Settings to finish the process.

Report this User

Report this user for behavior that violates our Community Guidelines.

Details: